Secret of the spa (Record no. 6124)

MARC details
000 -LEADER
fixed length control field 00537 a2200169 4500
020 ## - INTERNATIONAL STANDARD BOOK NUMBER
International Standard Book Number 9780689868580
Terms of availability 106.25
035 ## - SYSTEM CONTROL NUMBER
System control number B-212084
037 ## - SOURCE OF ACQUISITION
Source of stock number/acquisition RP-RKP-8-11/ UBH-07-08:SPL CH / RP-07-08:ENG
082 14 - DEWEY DECIMAL CLASSIFICATION NUMBER
Classification number S
090 ## - LOCALLY ASSIGNED LC-TYPE CALL NUMBER (OCLC); LOCAL CALL NUMBER (OCLC)
-- 6238
-- 6238
245 1# - TITLE STATEMENT
Title Secret of the spa
Statement of responsibility, etc by Carolyn Keene
260 ## - PUBLICATION, DISTRIBUTION, ETC. (IMPRINT)
Place of publication, distribution, etc New York
Name of publisher, distributor, etc Aladdin Paperbacks
Date of publication, distribution, etc 2005
300 ## - PHYSICAL DESCRIPTION
Extent 150 p
Dimensions 19 cm (pbk)
490 ## - SERIES STATEMENT
Series statement Nancy Drew girl detective 9
942 ## - ADDED ENTRY ELEMENTS (KOHA)
Institution code [OBSOLETE] dpl
Koha item type English Books
Call number prefix S / KEE
Holdings
Withdrawn status Lost status Source of classification or shelving scheme Damaged status Not for loan Collection code Home library Current library Cost, normal purchase price Total Checkouts Full call number Barcode Date last seen Copy number Uniform Resource Identifier Cost, replacement price Price effective from Koha item type
    Dewey Decimal Classification     Fiction R.K.Puram-8 R.K.Puram-8 106.25   S B-212084 15/09/2008 1 6565 106.25 15/09/2008 English Books

© Delhi Public Library
Hit Counter
free hit counter